Library Banner

Tarjamah Quran-e-Majeed ma mukhtasar hawashi (AR+UR) / (Record no. 56746)

MARC details
000 -LEADER
fixed length control field 00543nam a2200193Ia 4500
001 - CONTROL NUMBER
control field 59418
005 - DATE AND TIME OF LATEST TRANSACTION
control field 20260430110417.0
008 - FIXED-LENGTH DATA ELEMENTS--GENERAL INFORMATION
fixed length control field 140520s9999 xx 000 0 und d
020 ## - INTERNATIONAL STANDARD BOOK NUMBER
International Standard Book Number NA
040 ## - CATALOGING SOURCE
Transcribing agency PK-LaUMT
082 ## - DEWEY DECIMAL CLASSIFICATION NUMBER
Classification number 279.71227
Item number TAR-
100 1# - MAIN ENTRY--PERSONAL NAME
Personal name Maududi, Syed Abul Ala
245 ## - TITLE STATEMENT
Title Tarjamah Quran-e-Majeed ma mukhtasar hawashi (AR+UR) /
Statement of responsibility, etc Syed Abul Ala Maududi
260 ## - PUBLICATION, DISTRIBUTION, ETC. (IMPRINT)
Place of publication, distribution, etc Lahore,Pakistan:
Name of publisher, distributor, etc Idara-e-Tarjmanul Quran,
Date of publication, distribution, etc 2004
300 ## - PHYSICAL DESCRIPTION
Extent 1180 p.
546 ## - LANGUAGE NOTE
Language note UR
650 ## - SUBJECT ADDED ENTRY--TOPICAL TERM
Topical term or geographic name as entry element Translation-Holy Quran
942 ## - ADDED ENTRY ELEMENTS (KOHA)
Koha item type Books
Holdings
Withdrawn status Lost status Damaged status Home library Current library Date acquired Full call number Barcode Date last seen Price effective from Koha item type
      UMT Main Campus UMT Main Campus 2014-05-20 279.71227 TAR- 78768 2025-10-22 2014-05-21 Books